LIBRARY & INFORMATION CENTRE, KCAET, TAVANUR

ONLINE PUBLIC ACCESS CATALOGUE (OPAC)

Theory and problems of electric machines / (Record no. 7204)

MARC details
000 -LEADER
fixed length control field 00482cam a2200181ua 4500
003 - CONTROL NUMBER IDENTIFIER
control field OSt
008 - FIXED-LENGTH DATA ELEMENTS--GENERAL INFORMATION
fixed length control field 241218b |||||||| |||| 00| 0 eng d
020 ## - INTERNATIONAL STANDARD BOOK NUMBER
ISBN 0-07-460276-4
041 ## - LANGUAGE CODE
Language code of text/sound track or separate title eng
082 ## - DEWEY DECIMAL CLASSIFICATION NUMBER
Classification number 621.31042
Item number NAG/TH
100 ## - MAIN ENTRY--AUTHOR NAME
Personal name Nagrath, I J.
245 ## - TITLE STATEMENT
Title Theory and problems of electric machines /
250 ## - EDITION STATEMENT
Edition statement 5 /
260 ## - PUBLICATION, DISTRIBUTION, ETC. (IMPRINT)
Place of publication New Delhi :
Name of publisher Tata Mc-Graw Hill Publishing Company ,
Year of publication 1998.
300 ## - PHYSICAL DESCRIPTION
Number of Pages 297 ; .
700 1# - ADDED ENTRY--PERSONAL NAME
Personal name Kothari, D P .
942 ## - ADDED ENTRY ELEMENTS (KOHA)
Koha item type Books
Holdings
Withdrawn status Lost status Damaged status Home library Current library Date acquired Full call number Accession Number Koha item type
      KAUAET KAUAET 07/04/2012 621.31042 NAG/TH 19953 Books
free website counter